00676nam a2200169Ia 45000010005000000030004000050050017000090080041000260400033000670820024001001100135001242450117002592600025003763000010004016500019004117000076004302689OSt20250205145428.0241024s2012 dr ado fdt o001 0cspa d aCGID0011bspacCGID0011erda aRD/371.3/R426m/2011 aRepública Dominicana. Ministerio de Educación : Instituto Dominicano de Evaluación e Investigación de la Calidad Educativa 0aMemoria II Congreso IDEICE 2011c Instituto Dominicano de Evaluación e Investigación de la Calidad Educativa bEd. Centenarioc2012 a241p. aMemoria IDEICE aCoordinadores : Julián Álvarez Acosta ; Luis Camilo Matos de León